000
00324pam a2200133 a 4500
020
_c
041
_a
eng
082
_a
616.01
_b
GIL
100
_a
Gilligan P M .
245
_a
Cases in Medical Microbiology and Infoctious Diseases
_h
Textual Documents
260
_a
[s.l]:
_b
ASM Press
300
_a
589p.
930
_a
1070
999
_c
77995
_d
77995